00347nam a2200145Ia 4500008004100000041000800041082001600049100001300065245005500078250001200133260001900145300000800164365001600172700001300188230718s9999 xx 000 0 und d aeng a005.14bKAN aKan S.H. aMetrics And Models In Software Quality Engineering a2nd ed. c2004bPearson  a528 cRs.b280.00 aKan S.H.